Экономическая безопасность. Основные угрозы. Криминализация экономики. Внешнеэкономические аспекты: учебник

Bibliografiske detaljer
Hovedforfatter: Вечканов Г. С. Григорий Сергеевич
Summary:В учебнике анализируются основные проблемы экономической безопасности в контексте национальной безопасности государства. Рассмотрены такие вопросы экономической безопасности, как влияние финансовой, денежно-кредитной системы, социальной, научно-технической безопасности, криминализации экономики и внешнеэкономической безопасности на экономическую безопасность России. Определена экономическая безопасность регионов, предприятий, человека.В учебнике использован эконометрический метод исследования, позволяющий органически соединить теорию и практику, обеспечивающий высокий уровень анализа.
Sprog:russisk
Udgivet: Москва, Петрополис, 2015
Serier:Учебник для вузов
Fag:
Format: MixedMaterials Bog
KOHA link:https://koha.lib.tpu.ru/cgi-bin/koha/opac-detail.pl?biblionumber=311674

MARC

LEADER 00000nam0a2200000 4500
001 311674
005 20231102002417.0
010 |a 9785967607165 
035 |a (RuTPU)RU\TPU\book\337039 
090 |a 311674 
100 |a 20151210d2015 m y0rusy50 ca 
101 0 |a rus 
102 |a RU 
105 |a y j 000zy 
200 1 |a Экономическая безопасность. Основные угрозы. Криминализация экономики. Внешнеэкономические аспекты  |e учебник  |f Г. С. Вечканов 
210 |a Москва  |c Петрополис  |d 2015 
215 |a 359 с. 
225 1 |a Учебник для вузов 
330 |a В учебнике анализируются основные проблемы экономической безопасности в контексте национальной безопасности государства. Рассмотрены такие вопросы экономической безопасности, как влияние финансовой, денежно-кредитной системы, социальной, научно-технической безопасности, криминализации экономики и внешнеэкономической безопасности на экономическую безопасность России. Определена экономическая безопасность регионов, предприятий, человека.В учебнике использован эконометрический метод исследования, позволяющий органически соединить теорию и практику, обеспечивающий высокий уровень анализа. 
606 1 |a Экономическая безопасность  |2 stltpush  |3 (RuTPU)RU\TPU\subj\37363  |9 58393 
610 1 |a национальное богатство 
610 1 |a экономический потенциал 
610 1 |a Россия 
610 1 |a угрозы 
610 1 |a макроэкономические индикаторы 
610 1 |a реальный сектор 
610 1 |a финансовая безопасность 
610 1 |a денежно-кредитная система 
610 1 |a регионы 
610 1 |a региональная безопасность 
610 1 |a предприятия 
610 1 |a социальная безопасность 
610 1 |a социальная политика 
610 1 |a социальная устойчивость 
610 1 |a средний класс 
610 1 |a бедность 
610 1 |a криминализация 
610 1 |a теневая экономика 
610 1 |a внешнеэкономические аспекты 
610 1 |a утечка умов 
610 1 |a глобализация 
610 1 |a учебники 
686 |a У9(2)0-98я73  |v LBC/SL-A  |2 rubbk 
700 1 |a Вечканов  |b Г. С.  |g Григорий Сергеевич 
801 1 |a RU  |b 63413507  |c 20151210 
801 2 |a RU  |b 63413507  |c 20160324  |g RCR 
900 |a Экономическая безопасность 
942 |c BK 
959 |a 133/20151027  |d 3  |e 350,00  |f ЧЗГЛ:1  |f УФ:2